[Event "Madrid San Viator op-B 31st"]
[Site "Madrid"]
[Date "2019.11.10"]
[Round "8"]
[White "Navas Marin, Felix"]
[Black "Torrecillas Adan, Luis"]
[Result "1/2-1/2"]
[WhiteElo "1466"]
[BlackElo "1400"]
[PlyCount "77"]
[EventDate "2019.09.08"]
[EventType "swiss"]
[EventRounds "9"]
[EventCountry "ESP"]
[SourceTitle "EXT 2022"]
[Source "ChessBase"]
[SourceDate "2021.10.06"]
[SourceVersion "1"]
[SourceVersionDate "2021.10.06"]
[SourceQuality "1"]

1. d4 d5 2. c4 c6 3. Nf3 h6 4. Nc3 Nf6 5. Bf4 Bf5 6. Qb3 b6 7. cxd5 cxd5 8. Nb5 Na6 9. Qa4 Qc8 10. Nc7+ Kd8 11. Nxa8 Bd7 12. Nxb6 axb6 13. Qb3 Qb7 14. Ne5 Ke8 15. Nxd7 Nxd7 16. e3 e6 17. a3 Nc7 18. Rc1 e5 19. dxe5 Ne6 20. Bg3 Bc5 21. Bb5 Ke7 22. 0-0 Qb8 23. Qxd5 Rd8 24. b4 Ndf8 25. Qa2 Ng6 26. bxc5 bxc5 27. Bc4 Ngf8 28. Rfd1 g5 29. Rxd8 Qxd8 30. f4 g4 31. Bh4+ Ng5 32. fxg5 Ng6 33. Bg3 hxg5 34. Bxf7 Qb6 35. Bxg6 Qxg6 36. Rxc5 Qb6 37. Qc2 Ke6 38. Rc6+ Qxc6 39. Qxc6+ 1/2-1/2

[Event "Madrid San Viator op-B 31st"]
[Site "Madrid"]
[Date "2019.10.27"]
[Round "7"]
[White "Alcojor Patilla, Antonio"]
[Black "Navas Marin, Felix"]
[Result "1-0"]
[WhiteElo "1602"]
[BlackElo "1466"]
[PlyCount "69"]
[EventDate "2019.09.08"]
[EventType "swiss"]
[EventRounds "9"]
[EventCountry "ESP"]
[SourceTitle "EXT 2022"]
[Source "ChessBase"]
[SourceDate "2021.10.06"]
[SourceVersion "1"]
[SourceVersionDate "2021.10.06"]
[SourceQuality "1"]

1. e4 c6 2. d4 d5 3. Nc3 dxe4 4. Nxe4 Nd7 5. Nf3 Ngf6 6. Ng3 e6 7. Bd3 c5 8. 0-0 Be7 9. c4 cxd4 10. Nxd4 Nc5 11. Bc2 0-0 12. b3 Qc7 13. Nf3 h6 14. Bb2 Ncd7 15. Qe2 b6 16. Rad1 Bb7 17. Bb1 a5 18. a3 Bc6 19. Nd4 Nc5 20. Nxc6 Qxc6 21. Qc2 Ncd7 22. Nh5 g6 23. Nf4 Rfc8 24. Nxg6 Bd6 25. Nh4 Bb8 26. Nf3 Qc7 27. h3 e5 28. Qf5 Ra7 29. Bc1 e4 30. Bxe4 Nxe4 31. Qxe4 Nf6 32. Qf5 Qc6 33. Bxh6 Nh7 34. Qg4+ Qg6 35. Qxc8+ 1-0

[Event "Madrid San Viator op-B 30th"]
[Site "Madrid"]
[Date "2018.04.15"]
[Round "2"]
[White "Baranco Gonzalez, Nicolas"]
[Black "Navas Marin, Felix"]
[Result "1-0"]
[WhiteElo "1547"]
[BlackElo "1505"]
[PlyCount "85"]
[EventDate "2018.04.08"]
[EventType "swiss"]
[EventRounds "9"]
[EventCountry "ESP"]
[SourceTitle "EXT 2019"]
[Source "ChessBase"]
[SourceDate "2018.10.10"]
[SourceVersion "1"]
[SourceVersionDate "2018.10.10"]
[SourceQuality "1"]

1. e4 c6 2. Nf3 d5 3. exd5 cxd5 4. Bb5+ Bd7 5. Bxd7+ Nxd7 6. d4 Ngf6 7. Nc3 e6 8. 0-0 Be7 9. Bf4 0-0 10. Ne5 a6 11. Nxd7 Qxd7 12. Ne2 Rac8 13. c3 b5 14. a3 Ne4 15. Ng3 Nd6 16. Bxd6 Bxd6 17. f4 Qc7 18. Qg4 f5 19. Qf3 Rf6 20. Rf2 Rg6 21. Re1 Qf7 22. Ne2 Qc7 23. Nc1 Re8 24. Nd3 Qe7 25. Rfe2 Rh6 26. g3 Qf7 27. Nc5 Bxc5 28. dxc5 Rf6 29. Qxd5 exd5 30. Rxe8+ Qf8 31. Rxf8+ Kxf8 32. Re5 g6 33. Rxd5 Kg7 34. Kf2 Re6 35. Re5 Rc6 36. b4 Rc8 37. Ke3 Rd8 38. c6 Kh6 39. c7 Rc8 40. Rc5 Kh5 41. h3 h6 42. Kd4 g5 43. fxg5 1-0

[Event "Madrid-ch Previa-A"]
[Site "Madrid"]
[Date "2013.02.19"]
[Round "8"]
[White "Lucia Carpintero, Oscar"]
[Black "Navas Marin, Felix"]
[Result "1-0"]
[WhiteElo "1683"]
[BlackElo "1556"]
[PlyCount "77"]
[EventDate "2013.02.04"]
[EventType "swiss"]
[EventRounds "9"]
[EventCountry "ESP"]
[SourceTitle "EXT 2018"]
[Source "ChessBase"]
[SourceDate "2017.10.13"]
[SourceVersion "1"]
[SourceVersionDate "2017.10.13"]
[SourceQuality "1"]

1. d4 Nf6 2. c4 g6 3. Nc3 Bg7 4. e4 d6 5. Nf3 0-0 6. Be2 e5 7. d5 c6 8. dxc6 bxc6 9. 0-0 Nh5 10. Re1 f5 11. Ng5 Nf6 12. Bd3 f4 13. c5 d5 14. exd5 Nxd5 15. Bc4 Kh8 16. Nxd5 Qxg5 17. Nc7 Bh3 18. Qf3 Bg4 19. Qe4 Bf5 20. Qe2 Bh3 21. f3 Nd7 22. Nxa8 Rxa8 23. Kh1 Bf5 24. Bd3 Nxc5 25. Bxf5 Qxf5 26. Rd1 Re8 27. b4 Ne6 28. Bb2 h5 29. Rd7 Nd4 30. Rxd4 e4 31. Rxe4 Rxe4 32. Bxg7+ Kxg7 33. Qxe4 Qf6 34. Re1 Kh6 35. Qe5 Qf7 36. Re4 Qxa2 37. Qxf4+ Kh7 38. Re7+ Kg8 39. Qb8# 1-0

[Event "Madrid-ch Previa-A"]
[Site "Madrid"]
[Date "2013.02.13"]
[Round "6"]
[White "Castro Uceda, Jose Antonio"]
[Black "Navas Marin, Felix"]
[Result "0-1"]
[WhiteElo "1668"]
[BlackElo "1556"]
[PlyCount "72"]
[EventDate "2013.02.04"]
[EventType "swiss"]
[EventRounds "9"]
[EventCountry "ESP"]
[SourceTitle "EXT 2015"]
[Source "ChessBase"]
[SourceDate "2014.11.20"]
[SourceVersion "1"]
[SourceVersionDate "2014.11.20"]
[SourceQuality "1"]

1. d4 Nf6 2. c4 g6 3. Nc3 Bg7 4. e4 d6 5. Nf3 0-0 6. Bd3 e5 7. d5 Na6 8. a3 Nc5 9. b4 Nxd3+ 10. Qxd3 a6 11. 0-0 Nh5 12. c5 f5 13. Bg5 Nf6 14. Rac1 Qe8 15. h3 fxe4 16. Nxe4 Nxe4 17. Qxe4 Bf5 18. Qe3 Qc8 19. cxd6 Qd7 20. dxc7 Rac8 21. Nxe5 Qxd5 22. Nf3 Qf7 23. Qb6 Bxh3 24. Qxb7 Qf5 25. Rfd1 Qg4 26. g3 Rxf3 27. Rd8+ Bf8 28. Qd5+ Rf7 29. Rxc8 Qxc8 30. Qd8 Qb7 31. f3 Qxf3 32. Qd2 Qxg3+ 33. Kh1 Qf3+ 34. Kg1 Rxc7 35. Rxc7 Qf1+ 36. Kh2 Bd6+ 0-1

[Event "Madrid-ch Previa-A"]
[Site "Madrid"]
[Date "2013.02.12"]
[Round "5"]
[White "Navas Marin, Felix"]
[Black "Apaza, Gabriela Erica"]
[Result "1-0"]
[WhiteElo "1556"]
[BlackElo "1196"]
[PlyCount "101"]
[EventDate "2013.02.04"]
[EventType "swiss"]
[EventRounds "9"]
[EventCountry "ESP"]
[SourceTitle "EXT 2015"]
[Source "ChessBase"]
[SourceDate "2014.11.20"]
[SourceVersion "1"]
[SourceVersionDate "2014.11.20"]
[SourceQuality "1"]

1. Nf3 Nf6 2. d4 e6 3. Bf4 Be7 4. e3 Nh5 5. Bg3 b6 6. Nbd2 Bb7 7. Ne5 Nf6 8. Nef3 c5 9. c3 0-0 10. Bd3 d5 11. 0-0 Ba6 12. Bxa6 Nxa6 13. Ne5 Rc8 14. Qa4 Nb8 15. Qxa7 cxd4 16. exd4 Qc7 17. Qxc7 Rxc7 18. Nxf7 Rcc8 19. Ne5 Nh5 20. Rfe1 Nxg3 21. hxg3 Rf6 22. g4 Rcf8 23. Ndf3 h5 24. gxh5 Rh6 25. Kf1 Rxh5 26. Ke2 Rf4 27. Kd3 Bf6 28. Ng6 Rg4 29. Rxe6 Kf7 30. Rxb6 Kxg6 31. Rxb8 Rxg2 32. Rg1 Rxg1 33. Nxg1 Rg5 34. Ne2 Rh5 35. a4 Kf5 36. Ng3+ Kg5 37. Nxh5 Kxh5 38. Rb5 Kg6 39. Rxd5 Kf7 40. a5 Bh4 41. f3 g5 42. a6 Bg3 43. a7 Ke6 44. Ke4 Bd6 45. a8Q g4 46. Qe8+ Kf6 47. Rxd6+ Kg5 48. Qe5+ Kh4 49. Kf4 Kh3 50. Qe2 gxf3 51. Rh6# 1-0